Смертельный бизнес: романы; пер. с англ.; Боюсь, меня скоро убьют; Смертельный бизнес; Леди доступна; Клиент умрет утром; Глаз сфинкса
| Yazar: | |
|---|---|
| Dil: | Rusça |
| Baskı/Yayın Bilgisi: |
Москва, Ада, 1993
|
| TOC: | Боюсь, меня скоро убьют; Смертельный бизнес; Леди доступна; Клиент умрет утром; Глаз сфинкса; |
| Seri Bilgileri: | Классики зарубежного детектива Вып. 8 |
| Konular: | |
| Materyal Türü: | Kitap |
| KOHA link: | https://koha.lib.tpu.ru/cgi-bin/koha/opac-detail.pl?biblionumber=157601 |
MARC
| LEADER | 00000nam0a2200000 4500 | ||
|---|---|---|---|
| 001 | 157601 | ||
| 005 | 20231101221958.0 | ||
| 010 | |a 5779400202 | ||
| 020 | |a RU |b 93-10218ж | ||
| 035 | |a (RuTPU)RU\TPU\book\170954 | ||
| 090 | |a 157601 | ||
| 100 | |a 20090410a1993 m y0rusy5003 ca | ||
| 101 | 1 | |a rus |c eng | |
| 102 | |a RU | ||
| 105 | |a y z 000ay | ||
| 200 | 1 | |a Смертельный бизнес |e романы |e пер. с англ. |f К. Браун | |
| 210 | |a Москва |c Ада |d 1993 | ||
| 215 | |a 464 с. | ||
| 225 | 1 | |a Классики зарубежного детектива |v Вып. 8 | |
| 464 | |t Боюсь, меня скоро убьют | ||
| 464 | |t Смертельный бизнес | ||
| 464 | |t Леди доступна | ||
| 464 | |t Клиент умрет утром | ||
| 464 | |t Глаз сфинкса | ||
| 606 | 1 | |a Американская литература |2 stltpush |3 (RuTPU)RU\TPU\subj\72261 |9 85825 | |
| 610 | 1 | |a детективы | |
| 610 | 1 | |a криминальные романы | |
| 675 | |a 82 |v 3 | ||
| 700 | 1 | |a Браун |b К. |g Картер | |
| 801 | 0 | |a RU |b RuMRKP |c 19950413 |g psbo | |
| 801 | 1 | |a RU |b 63413507 |c 20090410 |g PSBO | |
| 801 | 2 | |a RU |b 63413507 |c 20170906 |g PSBO | |
| 942 | |c BK | ||